书目信息 |
| 题名: |
居室照明与布线
|
|
| 作者: | 建筑艺术工作室 编 | |
| 分册: | ||
| 出版信息: | 北京 中国水利水电版 2002.04 |
|
| 页数: | 58页 | |
| 开本: | 26cm | |
| 丛书名: | ||
| 单 册: | ||
| 中图分类: | TU , TU113.6 | |
| 科图分类: | ||
| 主题词: | 建筑学:物理学 | |
| 电子资源: | ||
| ISBN: | 7-5084-0924-8 | |
| 000 | 00595nam0 2200193 45 | |
| 001 | 0332718380 | |
| 005 | 20091223151809.14 | |
| 010 | @a7-5084-0924-8@dRMB 16.00 | |
| 100 | @a20030325d2002 km y0chiy0120 ea | |
| 101 | 0 | @achi |
| 200 | 1 | @a居室照明与布线@Aju shi zhao ming yu bu xian@f建筑艺术工作室编@FJian Zhu Yi Shu Gong Zuo Shi Bian |
| 210 | @a北京@c中国水利水电版@d2002.04 | |
| 215 | @a58页@d26cm | |
| 606 | 0 | @a建筑学:物理学 |
| 690 | @aTU@v3 | |
| 690 | @aTU113.6@v4 | |
| 701 | 0 | @a建筑艺术工作室@AJian Zhu Yi Shu Gong Zuo Shi@4编 |
| 801 | 0 | @aCN@bPFT@c20091223 |
| 905 | @a10447@dTU113.6@eJ320 | |
| 居室照明与布线/建筑艺术工作室编.-北京:中国水利水电版,2002.04 |
| 58页;26cm |
| ISBN 7-5084-0924-8:RMB 16.00 |
| ● |
| 相关链接 |
|
|
|
正题名:居室照明与布线
索取号:TU113.6/J320
 
预约/预借
| 序号 | 登录号 | 条形码 | 馆藏地/架位号 | 状态 | 备注 |
| 1 | 368659 | 203686591 | 建筑库101/101建筑库 6排1列5层/ [索取号:TU113.6/J320] | 在馆 | |
| 2 | 368660 | 203686608 | 建筑库101/101建筑库 25排3列3层/ [索取号:TU113.6/J320] | 在馆 | |
| 3 | 368661 | 203686617 | 建筑库101/101建筑库 25排3列3层/ [索取号:TU113.6/J320] | 在馆 |